00760nam a2200205 i 450000100060000000300090000600500170001500700030003200800410003508000270007610000370010324500960014026000420023630000220027865100670030074000260036785200220039399900170041595201220043277773ES-MaACL20230906173353.0t|041108s1964 sp ||||1| spa d a94(460)"1936/39"(0:82)1 aGarcía Serrano, Rafael.95529513aLa guerra b: Eugenio Plaza del Castillo ; La fiel Infantería /cRafael García Serrano. aMadrid : bFermín Uriarte, c[1964] a598 p. ; c23 cm. 4aEspaña-xHistoria-y1936-1939, Guerra civil-vNovelas.9831032aLa fiel Infantería. aES-MaACLjE-10287 c77773d77773 00104070aATENEOMbATENEOMcDEPO2d2008-01-17eSCl0oE-10287p1081363r2023-02-23 00:00:00w2023-02-23yMONOGRAFIA